[Event "American Continental 03rd"]
[Site "Buenos Aires"]
[Date "2005.08.11"]
[Round "6"]
[White "Bielicki, Carlos"]
[Black "Marinangeli, Martin"]
[Result "1/2-1/2"]
[WhiteElo "2307"]
[BlackElo "2119"]
[PlyCount "66"]
[EventDate "2005.08.06"]
[EventType "swiss"]
[EventRounds "11"]
[EventCountry "ARG"]
[SourceTitle "CBM 107 Extra"]
[Source "ChessBase"]
[SourceDate "2005.09.01"]
[SourceVersion "1"]
[SourceVersionDate "2005.09.01"]
[SourceQuality "1"]

1. Nf3 Nf6 2. c4 e6 3. g3 d5 4. Bg2 Be7 5. 0-0 0-0 6. b3 c5 7. e3 d4 8. exd4 cxd4 9. d3 Nc6 10. Na3 Ne8 11. Nc2 a5 12. a3 Nc7 13. Bd2 Rb8 14. Bf4 Bd6 15. Bxd6 Qxd6 16. Nd2 e5 17. Ne4 Qe7 18. Re1 Ne6 19. Qe2 Bd7 20. Nd2 f6 21. Bd5 Rbe8 22. b4 axb4 23. axb4 Nxb4 24. Nxb4 Qxb4 25. Reb1 Qe7 26. Rxb7 Rb8 27. Raa7 Rxb7 28. Rxb7 Kh8 29. Ne4 Qd8 30. Ra7 Nc7 31. Bb7 Qe7 32. Nd2 Qb4 33. Be4 Qd6 1/2-1/2

[Event "American Continental 03rd"]
[Site "Buenos Aires"]
[Date "2005.08.06"]
[Round "1"]
[White "Milos, Gilberto"]
[Black "Bielicki, Carlos"]
[Result "1-0"]
[WhiteElo "2606"]
[BlackElo "2307"]
[PlyCount "121"]
[EventDate "2005.08.06"]
[EventType "swiss"]
[EventRounds "11"]
[EventCountry "ARG"]
[SourceTitle "CBM 109"]
[Source "ChessBase"]
[SourceDate "2005.11.14"]
[SourceVersion "1"]
[SourceVersionDate "2005.11.14"]
[SourceQuality "1"]

1. e4 e5 2. Nf3 Nc6 3. Bb5 a6 4. Ba4 Nf6 5. 0-0 Be7 6. Re1 b5 7. Bb3 d6 8. c3 0-0 9. h3 Nd7 10. a4 Rb8 11. d4 Bf6 12. axb5 axb5 13. Be3 Nb6 14. Na3 Na5 15. Ba2 Bd7 16. dxe5 dxe5 17. b4 Nc6 18. Bc5 Ne7 19. Bb3 Re8 20. Qe2 Na4 21. Qa2 Rf8 22. Bxa4 bxa4 23. Rad1 Re8 24. c4 Qc8 25. b5 Ng6 26. Be3 h6 27. Nb1 Nh4 28. Nxh4 Bxh4 29. Nc3 Bxh3 30. Re2 Be6 31. Qxa4 Ra8 32. Qb3 Be7 33. Nd5 Bf8 34. Red2 Kh8 35. Qb2 Rb8 36. Qc3 f6 37. f3 Rb7 38. Qa5 Qa8 39. Qa6 Qc8 40. c5 Rb8 41. Qa5 Bxd5 42. exd5 Qb7 43. Rb2 Red8 44. c6 Qc8 45. b6 cxb6 46. Bxb6 Bd6 47. Rc2 Qf5 48. Rc4 Rdc8 49. Bc5 Ra8 50. Qd2 Rd8 51. Qd3 Qh5 52. Bxd6 Rxd6 53. Rb4 Rc8 54. Rdb1 Rdd8 55. Qe4 Qf7 56. Rb5 Qa7+ 57. Kh2 Qf7 58. Rb7 Qg8 59. R1b5 Qe8 60. Qg4 Qg8 61. Re7 1-0

[Event "ARG-ch 79th"]
[Site "Buenos Aires"]
[Date "2004.10.01"]
[Round "9"]
[White "Albarran, Gustavo Eduardo"]
[Black "Bielicki, Carlos"]
[Result "1/2-1/2"]
[WhiteElo "2237"]
[BlackElo "2302"]
[PlyCount "101"]
[EventDate "2004.09.24"]
[EventType "swiss"]
[EventRounds "9"]
[EventCountry "ARG"]
[SourceTitle "CBM 102 Extra"]
[Source "ChessBase"]
[SourceDate "2004.11.03"]
[SourceVersion "1"]
[SourceVersionDate "2004.11.03"]
[SourceQuality "1"]

1. d4 Nf6 2. c4 e6 3. Nc3 Bb4 4. e3 0-0 5. Bd3 d5 6. Nf3 c5 7. 0-0 Nc6 8. a3 Bxc3 9. bxc3 dxc4 10. Bxc4 Qc7 11. Ba2 e5 12. h3 e4 13. Nh2 Bf5 14. Ng4 Nxg4 15. hxg4 Bg6 16. Qe1 Rfe8 17. Bd2 Kh8 18. Rb1 a6 19. a4 Rab8 20. Rb2 f5 21. gxf5 Bxf5 22. Qe2 Qe7 23. Qh5 Rf8 24. Rfb1 Qd7 25. Qh2 Qe7 26. Bd5 Qd7 27. c4 cxd4 28. Rb6 Ne7 29. Rxb7 Rxb7 30. Rxb7 Qxa4 31. Qh5 Nxd5 32. cxd5 Bc8 33. Rf7 Qe8 34. Rxf8+ Qxf8 35. Bb4 Qd8 36. exd4 Bd7 37. Qe5 Qe8 38. Be7 a5 39. Qxe4 a4 40. Qe3 h6 41. Ba3 Kg8 42. Qe5 Kh7 43. d6 Qe6 44. Qxe6 Bxe6 45. Kf1 Kg8 46. Ke2 Kf7 47. Kd3 Ke8 48. Ke4 Kd7 49. f4 g6 50. Ke5 h5 51. g3 1/2-1/2

[Event "ARG-ch 79th"]
[Site "Buenos Aires"]
[Date "2004.09.27"]
[Round "5"]
[White "Pierrot, Juan Facundo"]
[Black "Bielicki, Carlos"]
[Result "1-0"]
[WhiteElo "2436"]
[BlackElo "2302"]
[PlyCount "99"]
[EventDate "2004.09.24"]
[EventType "swiss"]
[EventRounds "9"]
[EventCountry "ARG"]
[SourceTitle "CBM 102 Extra"]
[Source "ChessBase"]
[SourceDate "2004.11.03"]
[SourceVersion "1"]
[SourceVersionDate "2004.11.03"]
[SourceQuality "1"]

1. e4 e5 2. Nf3 Nf6 3. Nxe5 d6 4. Nf3 Nxe4 5. d4 d5 6. Bd3 Be7 7. 0-0 Nc6 8. c4 Nf6 9. Nc3 0-0 10. h3 Nb4 11. Be2 dxc4 12. Bxc4 Nbd5 13. Re1 c6 14. Bg5 Be6 15. Qb3 Rb8 16. Ne5 Re8 17. Rac1 Qb6 18. Qxb6 axb6 19. Bxf6 Bxf6 20. Nxd5 cxd5 21. Bb3 Rbc8 22. f4 g5 23. fxg5 Bxg5 24. Rxc8 Rxc8 25. Nf3 Bh6 26. Kf2 Kf8 27. Re2 Kg7 28. Ne5 Bg5 29. Rc2 Rxc2+ 30. Bxc2 Be7 31. Bd3 Bf6 32. Ke3 Bg5+ 33. Ke2 Kf8 34. g4 Ke7 35. Bc2 h6 36. b3 Kd6 37. Kf2 Bf4 38. Nf3 f6 39. Nh4 Bg5 40. Ng2 Bd2 41. Bg6 Ke7 42. Kf3 Bc1 43. Ke2 Bd7 44. Ne3 Kd6 45. Bf7 Bxe3 46. Kxe3 f5 47. Kf4 fxg4 48. hxg4 Be6 49. Bxe6 Kxe6 50. g5 1-0

[Event "ARG-ch 79th"]
[Site "Buenos Aires"]
[Date "2004.09.25"]
[Round "2"]
[White "Bielicki, Carlos"]
[Black "Savinell, Fernando"]
[Result "1-0"]
[WhiteElo "2302"]
[BlackElo "2075"]
[PlyCount "113"]
[EventDate "2004.09.24"]
[EventType "swiss"]
[EventRounds "9"]
[EventCountry "ARG"]
[SourceTitle "CBM 102 Extra"]
[Source "ChessBase"]
[SourceDate "2004.11.03"]
[SourceVersion "1"]
[SourceVersionDate "2004.11.03"]
[SourceQuality "1"]

1. d4 d5 2. c4 c6 3. Nc3 Nf6 4. e3 e6 5. Nf3 Bd6 6. Be2 0-0 7. Qc2 Nbd7 8. 0-0 dxc4 9. Bxc4 e5 10. h3 Qe7 11. a3 exd4 12. exd4 Nb6 13. Ba2 h6 14. Re1 Qc7 15. Bxh6 Bf4 16. Bxf4 Qxf4 17. Ne5 Bf5 18. Qd1 Rad8 19. Ne2 Qg5 20. Qc1 Qxc1 21. Raxc1 Nfd5 22. Bb1 Bxb1 23. Rxb1 Nc7 24. Rbc1 Ne6 25. Nf3 Rd6 26. b3 Rfd8 27. Rc2 Nd5 28. g3 Ne7 29. Rd2 c5 30. Red1 Nf5 31. dxc5 Rxd2 32. Rxd2 Rxd2 33. Nxd2 Nxc5 34. Kg2 f6 35. Kf3 Kf7 36. g4 Nd6 37. h4 Nb5 38. a4 Nd6 39. Ke3 f5 40. f3 fxg4 41. fxg4 a5 42. Kd4 Ne6+ 43. Ke5 Ke7 44. Ng3 g6 45. h5 gxh5 46. gxh5 b5 47. axb5 Nxb5 48. Nc4 Nc5 49. Nxa5 Nxb3 50. Nxb3 Nc7 51. Nd4 Ne8 52. Ne4 Kf8 53. Nf5 Nc7 54. Ng5 Kg8 55. h6 Kh8 56. Ne7 Ne8 57. Ng6+ 1-0